000 00247nam a22001217a 4500
082 _a821
_bVYA/W
100 _aWINGS OF POESY
245 _aWINGS OF POESY
260 _aKERALA
_bCOSMO BOOKS
300 _a96
650 _aPOETRY
_zKERALA
942 _cBK
999 _c3892
_d3892